|
|
|
|
| LEADER |
01927nam a22003377a 4500 |
| 001 |
35148 |
| 003 |
BD-DhAAL |
| 005 |
20241103123857.0 |
| 008 |
190821t2019 bg a b 000 0 eng d |
| 040 |
|
|
|a BD-DhAAL
|c BD-DhAAL
|d BD-DhAAL
|
| 041 |
|
|
|a eng
|
| 082 |
0 |
0 |
|a 378.1554
|2 22
|
| 245 |
0 |
0 |
|a BRAC University :
|k annual report,
|f 2018.
|
| 246 |
|
|
|a BRAC University annual report 2018
|
| 260 |
|
|
|a Dhaka :
|b Brac University,
|c 2019
|
| 300 |
|
|
|a 170 pages :
|b some color illustrations ;
|c 28 cm
|
| 310 |
|
|
|a Annual
|
| 526 |
|
|
|a AAL
|
| 541 |
|
|
|a Complimentary copy
|e 35148, 35149, 35150, 35151, 35152
|
| 650 |
|
0 |
|a Education, Higher.
|9 5588
|
| 650 |
|
0 |
|a University extension.
|9 5589
|
| 710 |
|
|
|a BRAC University
|9 5590
|
| 852 |
|
|
|a Ayesha Abed Library
|c General Stacks
|
| 856 |
|
|
|z Full text available on BRAC University Institutional Repository
|u http://hdl.handle.net/10361/12471
|
| 942 |
|
|
|2 ddc
|c BK
|
| 999 |
|
|
|c 41049
|d 41049
|
| 952 |
|
|
|0 0
|1 0
|2 ddc
|4 0
|6 378_155400000000000_BRA
|7 0
|8 RPT
|9 66043
|a BRACUL
|b BRACUL
|c GEN
|d 2019-08-21
|e Complimentary copy
|l 0
|o 378.1554 BRA
|p 3010035148
|r 2019-08-21
|t 1
|w 2019-08-21
|y BK
|x Complimentary copy
|
| 952 |
|
|
|0 0
|1 0
|2 ddc
|4 0
|6 378_155400000000000_BRA
|7 0
|8 RPT
|9 66044
|a BRACUL
|b BRACUL
|c GEN
|d 2019-08-21
|e Complimentary copy
|l 0
|o 378.1554 BRA
|p 3010035149
|r 2019-08-21
|t 2
|w 2019-08-21
|y BK
|x Complimentary copy
|
| 952 |
|
|
|0 0
|1 0
|2 ddc
|4 0
|6 378_155400000000000_BRA
|7 0
|8 RPT
|9 66045
|a BRACUL
|b BRACUL
|c GEN
|d 2019-08-21
|e Complimentary copy
|l 0
|o 378.1554 BRA
|p 3010035150
|r 2019-08-21
|t 3
|w 2019-08-21
|y BK
|x Complimentary copy
|
| 952 |
|
|
|0 0
|1 0
|2 ddc
|4 0
|6 378_155400000000000_BRA
|7 0
|8 RPT
|9 66046
|a BRACUL
|b BRACUL
|c GEN
|d 2019-08-21
|e Complimentary copy
|l 0
|o 378.1554 BRA
|p 3010035151
|r 2019-08-21
|t 4
|w 2019-08-21
|y BK
|x Complimentary copy
|
| 952 |
|
|
|0 0
|1 0
|2 ddc
|4 0
|6 378_155400000000000_BRA
|7 0
|8 RPT
|9 66047
|a BRACUL
|b BRACUL
|c GEN
|d 2019-08-21
|e Complimentary copy
|l 0
|o 378.1554 BRA
|p 3010035152
|r 2019-08-21
|t 5
|w 2019-08-21
|y BK
|x Complimentary copy
|